Elementary statistics : (Record no. 12666)

000 -LEADER
fixed length control field 00720cam a2200217 a 4500
020 ## - INTERNATIONAL STANDARD BOOK NUMBER
ISBN 0073048259 (hard copy : alk. paper)
020 ## - INTERNATIONAL STANDARD BOOK NUMBER
ISBN 0073251631 (package)
020 ## - INTERNATIONAL STANDARD BOOK NUMBER
ISBN 9780073048253
040 ## - CATALOGING SOURCE
Transcribing agency DLC
082 00 - DEWEY DECIMAL CLASSIFICATION NUMBER
Classification number 519 MCG 2007 A035 Or.
100 1# - MAIN ENTRY--AUTHOR NAME
Personal name Bluman, Allan G.
245 10 - TITLE STATEMENT
Title Elementary statistics :
Remainder of title a step by step approach /
250 ## - EDITION STATEMENT
Edition statement 6th ed.
260 ## - PUBLICATION, DISTRIBUTION, ETC. (IMPRINT)
Place of publication Boston :
Name of publisher McGraw-Hill,
Year of publication c2007.
300 ## - PHYSICAL DESCRIPTION
Number of Pages xxx, 802, [47] p. :
Other physical details col. ill. ;
Dimensions 28 cm.
500 ## - GENERAL NOTE
General note "Important formulas" (1 folded page) inserted.
650 #0 - SUBJECT ADDED ENTRY--TOPICAL TERM
Topical Term Statistics
856 41 - ELECTRONIC LOCATION AND ACCESS
Uniform Resource Identifier http://www.loc.gov/catdir/toc/ecip0517/2005023521.html
856 42 - ELECTRONIC LOCATION AND ACCESS
Uniform Resource Identifier http://www.loc.gov/catdir/enhancements/fy0661/2005023521-d.html
942 ## - ADDED ENTRY ELEMENTS (KOHA)
Koha item type សៀវភៅភាសាអង់គ្លេស
952 ## - LOCATION AND ITEM INFORMATION (KOHA)
Withdrawn status [LOCAL, KOHA] 0
Holdings
Permanent Location Date acquired Koha item type Lost status Shelving location Barcode Current Location Full call number
Library Block A2017-08-16សៀវភៅភាសាអង់គ្លេស A035A15758Library Block A519 MCG 2007 A035 Or.
មជ្ឈមណ្ឌលឯការនៃសាកលវិទ្យាល័យភូមិន្ទកសិកម្មចំការដូង

Powered by Koha